00572nam a2200169Ia 4500008004100000020001800041041000800059082001500067100003200082245005000114250000600164260003600170300001200206650003800218999001900256952012700275210716s2006 xx 000 0 und d a9788131202917 aeng a519.4 PHIG aPhillips, G M; Taylor, P J. aTheory and application of numerical analysis. a2 aNew DelhibAcademic Pressc2006 axii,447 aApplied Numerical Analysis(519.4) c189069d189069 001040708MCAaAIMITbAIMITeAthulya Booksg295.00l0o519.4 PHIGpMCA08577r2025-07-21 00:00:00v221.25w2021-07-16yBK